000 00757nam a22002417a 4500
999 _c14951
_d14951
003 AR-CdUCM
008 190425b ||||| |||| 00| 0 spa d
020 _a978-84-9825-924-7
040 _aMUNICIPALIDAD PROVINCIAL DEL CUSCO
_cBIBLIOTECA MUNICIPAL DEL CUSCO
041 _heng
082 _aPI / 376.1 /
_bR34
100 _aRedford, Ruth
_933899
245 _aToca, toca, cosas de casa /
260 _aBarcelona :
_bCombel,
_c2014.
300 _a10 paginas ;
_bIlustraciones
_c26 cm.
500 _aTitulo original : Ladybird toddler touch. At home
650 _aCosas de casa
_933935
650 _aAprende las formas
_933924
650 _aToca y adivina
_933911
650 _aNiƱos (as)
_933869
942 _2ddc
_cLIBROS
945 _awnts
_d2019-04-25